L´Ingenieux Hidalgo Don Quichotte de la Manche (Record no. 2886)

MARC details
000 -CABECERA
campo de control de longitud fija 02009nam a2200337 a 4500
001 - NÚMERO DE CONTROL
campo de control BRCA_3150
005 - FECHA Y HORA DE LA ÚLTIMA TRANSACCIÓN
campo de control 20190320204132.0
008 - DATOS DE LONGITUD FIJA--INFORMACIÓN GENERAL
campo de control de longitud fija 100209s1878----fr-a---###---#000-0dfre-u
041 ## - CÓDIGO DE LENGUA
Código de lengua del texto/banda sonora o título independiente fre
044 ## - CÓDIGO DEL PAÍS DE LA ENTIDAD EDITORA/PRODUCTORA
Código MARC del país fr
084 ## - OTRO NÚMERO DE CLASIFICACIÓN
Número de clasificación 455
Número de documento/Ítem .H48
-- 1878
100 1# - ENTRADA PRINCIPAL--NOMBRE DE PERSONA
Nombre de persona Cervantes Saavedra, Miguel de
Fechas asociadas al nombre 1547-1616
9 (RLIN) 213
245 10 - MENCIÓN DE TÍTULO
Título L´Ingenieux Hidalgo Don Quichotte de la Manche
Mención de responsabilidad, etc. Michel de Cervantes ; Traduction Nouvelle de Lucien Biart.
260 ## - PUBLICACIÓN, DISTRIBUCIÓN, ETC.
Lugar de publicación, distribución, etc. París
Nombre del editor, distribuidor, etc. J. Hetzel
Fecha de publicación, distribución, etc. 1878
300 ## - DESCRIPCIÓN FÍSICA
Extensión 4 v.
Dimensiones 20 cm.
500 ## - NOTA GENERAL
Nota general Contenido : v 1. Primera parte. Prefacio del traductor. Nota del editor. Vida y obra de Cervantes por P. Mérimée. Peólogo del autor. Versos preliminares. Texto. -- v 2. Texto. -- v 3. Segunda parte. Prólogo del autor. Texto. -- v 4. Texto
500 ## - NOTA GENERAL
Nota general Edición : Precedée D´Une Notice su la Vie et L´Oeuvre de Cervantes Écrite Espécialement Pour Cette Traduction par Prosper Mérimée
500 ## - NOTA GENERAL
Nota general Traducción completa de Lucien Biart. En esta edición aparecen por primera vez traducidas en versos franceses las composiciones de la primera parte, así como todas las demás poesías de la obra, por el conde de Grammont. Los versos están bien traducidos, y la versión de Biart corre pareja con la de Viardot. La noticia sobre la vida de Cervantes y sus obras está bien escrita, pero no aporta nada nuevo. Impresión excelente y en buen papel. Semitela Lúdovik Osterc
500 ## - NOTA GENERAL
Nota general Estado físico : Encuadernación sobrepuesta a la encuadernación original
500 ## - NOTA GENERAL
Nota general QM380
546 ## - NOTA DE LENGUA/LENGUAJE
Nota de lengua/lenguaje Texto en : francés
650 14 - PUNTO DE ACCESO ADICIONAL DE MATERIA--TÉRMINO DE MATERIA
Término de materia o nombre geográfico como elemento de entrada Novela española
Subdivisión cronológica Época clásica, 1500-1700
9 (RLIN) 215
650 14 - PUNTO DE ACCESO ADICIONAL DE MATERIA--TÉRMINO DE MATERIA
Término de materia o nombre geográfico como elemento de entrada Literatura española
Subdivisión cronológica Época clásica, 1500-1700
9 (RLIN) 216
650 14 - PUNTO DE ACCESO ADICIONAL DE MATERIA--TÉRMINO DE MATERIA
Término de materia o nombre geográfico como elemento de entrada Novela española
Subdivisión cronológica Siglo XVII
9 (RLIN) 217
650 14 - PUNTO DE ACCESO ADICIONAL DE MATERIA--TÉRMINO DE MATERIA
Término de materia o nombre geográfico como elemento de entrada Don Quijote (Personaje ficticio)
Término indicativo de función/relación Novela
9 (RLIN) 218
700 1# - PUNTO DE ACCESO ADICIONAL--NOMBRE DE PERSONA
Nombre de persona Biart, Lucien
Fechas asociadas al nombre 1829-1897
Término indicativo de función/relación Traductor
9 (RLIN) 8512
700 1# - PUNTO DE ACCESO ADICIONAL--NOMBRE DE PERSONA
Nombre de persona Mérimée, Prosper
Fechas asociadas al nombre 1803-1870
Término indicativo de función/relación Biógrafo
9 (RLIN) 8513
740 0# - PUNTO DE ACCESO ADICIONAL--TÍTULO RELACIONADO O ANALÍTICO NO CONTROLADO
Título relacionado o analítico no controlado El Ingenioso Hidalgo Don Quijote de la Mancha
902 ## - CATALOGADOR
Iniciales QFM
942 ## - ELEMENTOS DE PUNTO DE ACCESO ADICIONAL (KOHA)
Fuente del sistema de clasificación o colocación Library of Congress Classification
Tipo de ítem Koha Libros
Holdings
Estado de retiro Estado de pérdida Estado dañado No para préstamo Localización permanente Ubicación/localización actual Fecha de adquisición Número de inventario Total de préstamos Signatura topográfica completa Código de barras Fecha visto por última vez Precio válido a partir de Tipo de ítem Koha
El ejemplar forma parte de la colección y puede ser consultado según las políticas vigentes.       Biblioteca del Museo Franz Mayer (Rogerio Casas-Alatriste) Biblioteca del Museo Franz Mayer (Rogerio Casas-Alatriste) 10/02/2009 QM380   455 .H48 1878 (QM380) 3147 22/03/2019 22/03/2019 Libros